000 00649nam a2200217Ia 4500
005 20241129105752.0
008 241129s9999||||xx |||||||||||||| ||und||
020 _a978-1-909942-59-2
037 _aTB
040 _aARTS
_beng
_cARTS
041 _aeng
_2eng
084 _aNA(Q7)vN41 R2
_qARTS
100 _aGibson Melanie Ed.
_9724663
245 0 _aFruit of knowledge, wheel of learning essays in honour of carole hillenbrand
_cGibson Melanie Ed.
260 _aLondon, UK
_bGingko
_c2022
300 _a286p.
365 _aUKP
_b60
650 _aArtsArchitecture
_9726369
942 _cTB
_hNA(Q7)vN41 R2
999 _c1225853
_d1225853